| 000 | 00806nam a2200241 a 4500 | ||
|---|---|---|---|
| 001 | 000019443 | ||
| 005 | 20200929170023.0 | ||
| 008 | 100629s2005 sp a 000 0 spa d | ||
| 020 | _a8497645626 | ||
| 040 |
_aDO-SdBNP _bspa _cBNPHU |
||
| 082 |
_a822.33 _bS527R |
||
| 100 | 1 |
_aRodríguez Illán, María Jesús _941740 |
|
| 245 | 1 | 0 |
_aShakespeare y su tiempo / _cMaría Jesús Rodríguez Illán. |
| 260 |
_aMadrid : _bEdimat Libros, _c2005. |
||
| 300 |
_a191 p. : _bil. ; _c23 cm. |
||
| 490 | 1 | _aGrandes biografías. | |
| 504 | _aBibliográfia : p. 189-190 | ||
| 600 | 1 | 4 |
_aSHAKESPEARE, WILLIAM, _d1564-1616 _96748 |
| 650 | 4 |
_aDramaturgos ingleses _yÉPOCA MODERNA, 1500-1700 _xBiografías _941741 |
|
| 830 | 0 |
_aGrandes biografías. _911230 |
|
| 910 | _aValidado. Control de calidad MFF | ||
| 049 | _aBNGR | ||
| 999 |
_c18959 _d18959 |
||